000 01048cam a2200253 4500
001 ABS65660
008 020710n2002 000 0 eng u
035 _a(Sirsi) u118755
100 _aDeLaney, C.
245 _aClampdown on clamps
260 _c2002
490 _aEstates Gazette
_v(0223) 8 June 2002, 116(1)
520 _aThe Private Security Act 2001 on wheel clamping was introduced on 11 May. By 2003 the provision of the act will ensure that the private security industry will be fully regulated. There will be specific provision to cover wheel clamping and property owners, occupiers and managers should be aware of the new legislation if they use clamping for property management.
590 _aABS
650 _aPRIVATE SECURITY INDUSTRY ACT 2001
650 _aWHEEL CLAMPING
650 _aARTHUR V ANKER
650 _aVINE V WALTHAM FOREST LBC
650 _aCRIMINAL RECORDS BUREAU
650 _aPRIVATE SECURITY INDUSTRY
650 _aSECURITY INDUSTRY AUTHORITY
690 _aPROPERTY MANAGEMENT
_96262
942 _n0
999 _c70696
_d70696